书目信息 |
| 题名: |
实验电子技术
|
|
| 作者: | 王振宇 , 李惠敏 编 | |
| 分册: | ||
| 出版信息: | 天津 天津大学出版社 1998.06 |
|
| 页数: | 264页 | |
| 开本: | 26cm | |
| 丛书名: | ||
| 单 册: | ||
| 中图分类: | TN-33 , TN01 | |
| 科图分类: | ||
| 主题词: | 电子技术--dian zi ji shu--高等教育--实验 , 无线电电子学--理论 , 通信技术--理论 | |
| 电子资源: | ||
| ISBN: | 7-5618-0963-8 | |
| 000 | 00852nam 2200277 450 | |
| 001 | 010252946374 | |
| 005 | 20050925214329.97 | |
| 010 | @a7-5618-0963-8@dCNY 18.00 | |
| 100 | @a20050530d1998 km y0chiy0120 ea | |
| 101 | 0 | @achi |
| 102 | @aCN@b120000 | |
| 105 | @aa a 000yy | |
| 200 | 1 | @a实验电子技术@Ashi yan dian zi ji shu@f王振宇,李惠敏编@Fwang zhen yu,li hui min bian |
| 210 | @a天津@c天津大学出版社@d1998.06 | |
| 215 | @a264页@c图@d26cm | |
| 225 | 2 | @Apu tong gao deng jiao yu"shi wu"guo jia ji gui hua jiao cai |
| 320 | @a有书目。 | |
| 606 | 0 | @a电子技术@Adian zi ji shu@x高等教育@x实验 |
| 606 | 0 | @a无线电电子学@x理论 |
| 606 | 0 | @a通信技术@x理论 |
| 690 | @aTN-33@v4 | |
| 690 | @aTN01@v3 | |
| 701 | 0 | @a王振宇@Awang zhen yu@4编 |
| 701 | 0 | @a李惠敏@Ali hui min@4编 |
| 801 | 0 | @aCN@bQSSK@c20050925 |
| 905 | @a10447@dTN01@eW930 | |
| 实验电子技术/王振宇,李惠敏编.-天津:天津大学出版社,1998.06 |
| 264页:图;26cm |
| ISBN 7-5618-0963-8:CNY 18.00 |
| ● |
| 相关链接 |
|
|
|
正题名:实验电子技术
索取号:TN01/W930
 
预约/预借
| 序号 | 登录号 | 条形码 | 馆藏地/架位号 | 状态 | 备注 |
| 1 | 66892 | 200668928 | 期刊室512/301自科库 17排3列5层/ [索取号:TN01/W930] | 在馆 | |
| 2 | 66893 | 200668937 | 自科二线504/504自科库 8排2列3层/ [索取号:TN01/W930] | 在馆 | |
| 3 | 66894 | 200668946 | 期刊室512/301自科库 17排3列5层/ [索取号:TN01/W930] | 在馆 | |
| 4 | 66895 | 200668955 | 自科二线504/504自科库 8排2列3层/ [索取号:TN01/W930] | 在馆 | |
| 5 | 66896 | 200668964 | 自科库301/404自科库 9排6列1层/ [索取号:TN01/W930] | 在馆 |